000 00440nam a2200169Ia 4500
008 230711s9999||||xx |||||||||||||| ||und||
020 _a978-81-315-0685-1
041 _aENG
082 _a621.3815
_bDI-E
100 _aDiffenderfer,Robert
245 0 _aElectronic devices systems and applications
250 _a2nd Ed.
260 _c2010
_aNew Delhi
_bCengage Learning
300 _a574
650 _aElectronics Engineering
942 _cBK
999 _c5135
_d5135